000 006410000a22001930004500
999 _c53937
_d53937
001 768714001
003 CO-MdFUSB
005 20170809162447.0
008 170809s1998 xxu||||| |||| 00| 0 eng d
022 _a0098-9444
040 _aCO-MdFUSB
_bspa
_cCO-MdFUSB
_dCO-MdFUSB
041 _aeng
100 1 _aDeutsch, Robert (1951- )
_eautor
245 1 0 _aFirst impression :
_bwhat we learn from king Ahaz's seal
300 _aVolumen 24. Número 3 (1998), Páginas 54-56
_c28 cm.
546 _aTexto en inglés
773 0 _tBiblical Archaeology Review
_049395
_959484
_gVolumen 24. Número 3 (1998), Páginas 54-56
_q Página 54
942 _cANA